[Event "EU-ch 13th"]
[Site "Plovdiv"]
[Date "2012.03.30"]
[Round "10"]
[White "Efimenko, Zahar"]
[Black "Lenic, Luka"]
[Result "1-0"]
[WhiteElo "2695"]
[BlackElo "2637"]
[PlyCount "99"]
[EventDate "2012.03.20"]
[EventType "swiss"]
[EventRounds "11"]
[EventCountry "BUL"]
[SourceTitle "CBM 148"]
[Source "ChessBase"]
[SourceDate "2012.05.16"]
[SourceVersion "1"]
[SourceVersionDate "2012.05.16"]
[SourceQuality "1"]

1. Nf3 d5 2. g3 c6 3. Bg2 Nf6 4. O-O Bg4 5. d3 Nbd7 6. Nbd2 e5 7. e4 dxe4 8. dxe4 Bc5 9. h3 Bh5 10. Qe1 O-O 11. Nb3 Be7 ({RR} 11... Bb6 12. a4 a5 13. Nbd2 Re8 14. Nc4 Bc5 15. Bd2 b6 16. Bc3 Qc7 17. Nh4 Nf8 18. Kh1 N6d7 19. Nf5 Ne6 20. f4 f6 21. fxe5 Nxe5 22. Nxe5 fxe5 23. Bf3 Bxf3+ 24. Rxf3 Rad8 25. Qe2 Bd4 26. Raf1 {Efimenko,Z (2648)-Ragger,M (2632) Dubai 2014 ½-½ (85)}) ({RR} 11... Bb6 12. a4 a5 13. Nbd2 Bc7 14. Nc4 b5 15. Ne3 Bg6 16. Nf5 Bxf5 17. exf5 e4 18. Nd4 Ne5 19. Be3 bxa4 20. Qe2 Re8 21. Rxa4 Rb8 22. Rd1 Qc8 23. Bg5 Rxb2 24. Bxf6 gxf6 25. Bxe4 Bb6 26. Nb3 {Efimenko,Z (2661)-Aryan,C (2485) Abu Dhabi 2016 1-0 (40)}) 12. Nh4 a5 $146 ({RR} 12... Re8 13. Nf5 Bf8 14. Be3 Qc7 15. a4 a5 16. g4 Bg6 17. Qe2 Bxf5 18. gxf5 c5 19. Nd2 Rec8 20. b3 Ne8 21. Rfd1 Nd6 22. Nc4 Nxc4 23. Qxc4 Ra6 24. Rd2 h6 25. Rad1 Nf6 26. f3 Rd6 27. Rxd6 {Carlier,B (2390)-Bottema,T (2205) Dieren 1990 1-0 (112)}) ({RR} 12... Re8 13. Nf5 Bf8 14. g4 Bg6 15. Ng3 a5 16. a4 Nc5 17. Nxc5 Bxc5 18. Qe2 Nd7 19. g5 f6 20. h4 Be7 21. Rd1 fxg5 22. h5 Bf7 23. Bh3 Nc5 24. Rxd8 Raxd8 25. Be3 Ne6 26. Bxe6 Bxe6 27. Bb6 {Piesik,P (2422)-Avila Pavas,S (2511) chess.com INT 2025 1-0 (43)}) ({RR} 12... Re8 13. Nf5 Bf8 14. Be3 Qc7 15. g4 Bg6 16. Ng3 Rad8 17. Qe2 h6 18. h4 Be7 19. g5 hxg5 20. hxg5 Nh7 21. Qg4 Ndf8 22. Nd2 Ne6 23. Nf3 Bc5 24. Bxc5 Nxc5 25. Nf5 Ne6 26. N5h4 Nhf8 27. Rfd1 {Galazewski,T (2232)-Przybylski,W (2320) Gorzow Wielkopolski 2007 0-1 (36)}) 13. Nf5 Re8 14. Nxe7+ Rxe7 15. a4 Ne8 16. Be3 Qc7 17. Qc3 b6 18. f4 f6 19. f5 Nd6 20. Nd2 Bf7 21. Bf2 b5 22. g4 bxa4 23. Rxa4 Nb5 24. Qe3 Nd4 25. c3 Nb3 26. Nxb3 Bxb3 27. Raa1 Rb8 28. h4 Nb6 29. g5 Nc4 30. Qg3 Kh8 31. h5 Rd7 32. h6 gxh6 33. gxf6 Qd6 34. Qh3 Qxf6 35. Bh4 Qf7 36. Rf2 h5 37. Kh2 Bd1 38. Bf3 Ne3 39. Bxd1 Rxd1 40. Rxd1 Nxd1 41. Qg3 Qg7 42. Rg2 Qxg3+ 43. Bxg3 Re8 44. Bh4 Rf8 45. Be7 Rf7 46. Bd6 h6 47. Bxe5+ Kh7 48. Bf4 Rg7 49. Rd2 Rg4 50. Rd7+ 1-0

[Event "RUS-chT 19th"]
[Site "Sochi"]
[Date "2012.04.10"]
[Round "2"]
[White "Efimenko, Zahar"]
[Black "Ionov, Sergey"]
[Result "1-0"]
[WhiteElo "2695"]
[BlackElo "2549"]
[PlyCount "91"]
[EventDate "2012.04.09"]
[EventType "team-swiss"]
[EventRounds "7"]
[EventCountry "RUS"]
[SourceTitle "CBM 148"]
[Source "ChessBase"]
[SourceDate "2012.05.16"]
[SourceVersion "1"]
[SourceVersionDate "2012.05.16"]
[SourceQuality "1"]
[WhiteTeam "St Petersburg Chess Fed"]
[BlackTeam "St Petersburg Chigorin CC"]
[WhiteTeamCountry "RUS"]
[BlackTeamCountry "RUS"]

1. Nf3 d5 2. g3 Bg4 3. Bg2 c6 4. O-O Nf6 5. d3 Nbd7 6. Nbd2 e5 7. e4 dxe4 8. dxe4 Be7 9. h3 Bh5 10. Qe1 O-O 11. Nc4 Qc7 12. Bd2 ({RR} 12. Nh4 Rfe8 13. a4 a5 14. Bd2 b6 15. Kh1 Nc5 16. g4 Nfd7 17. f4 b5 18. axb5 cxb5 19. Ne3 Qd8 20. Nhf5 exf4 21. Nd5 Bg6 22. Bxa5 Rxa5 23. Ndxe7+ Rxe7 24. Qxa5 Re8 25. Qxd8 Rxd8 26. Rad1 f6 {Giri,A (2798)-Motylev,A (2649) Baku 2015 1-0 (34)}) 12... Rfe8 13. Nh4 b5 ({RR} 13... Bg6 14. a4 Nc5 15. Nxg6 hxg6 16. b4 Ne6 17. c3 Bf8 18. h4 Rad8 19. Qe2 Nh7 20. Rfd1 Be7 21. Bh3 Nef8 22. a5 g5 23. h5 a6 24. Rdb1 g6 25. hxg6 Nxg6 26. Bf5 Kg7 27. Be3 c5 28. b5 {Ghasi,A (2496)-Banerjee,S (2115) Kenilworth ENG 2024 1-0 (42)}) 14. Ne3 $146 ({RR} 14. Ba5 Qb8 15. Ne3 Nc5 16. Nef5 Bf8 17. Bb4 Nfd7 18. Qd2 Qc7 19. b3 f6 20. Rae1 a5 21. Bc3 a4 22. Bb4 axb3 23. axb3 Ra2 24. Qc3 Rea8 25. Ra1 Bf7 26. Rxa2 Rxa2 27. Rd1 g6 28. Ne3 Ra8 {Mohr,G (2495)-Kragelj,I (2195) Portoroz 1996 1-0 (40)}) 14... Nc5 15. Nef5 Bf8 16. Kh1 a5 17. g4 Bg6 18. f4 Nfd7 19. Nxg7 Bxg7 20. f5 Nf8 21. Qf2 Nce6 22. fxe6 Nxe6 23. Nf5 Nf4 24. Be3 Bf8 25. g5 Re6 26. Rad1 a4 27. h4 f6 28. gxf6 Rxf6 29. Qg3 Qf7 30. Bxf4 exf4 31. Rxf4 Kh8 32. Bh3 Bxf5 33. Rxf5 Bg7 34. Rg5 Rf3 35. Qg2 Bh6 36. Bf5 Bxg5 37. Qxf3 Be7 38. Rd7 Rg8 39. Qc3+ Rg7 40. Rc7 Qf6 41. Rc8+ Rg8 42. Rxc6 Qxc3 43. bxc3 h5 44. Rh6+ Kg7 45. Rxh5 Bf6 46. e5 1-0

[Event "Capablanca Memorial Premier 47th"]
[Site "Havana"]
[Date "2012.05.05"]
[Round "2"]
[White "Rakhmanov, Alexander"]
[Black "Cordova, Emilio"]
[Result "1-0"]
[WhiteElo "2603"]
[BlackElo "2566"]
[PlyCount "65"]
[EventDate "2012.05.04"]
[EventType "tourn"]
[EventRounds "9"]
[EventCountry "CUB"]
[EventCategory "13"]
[SourceTitle "CBM 149"]
[Source "ChessBase"]
[SourceDate "2012.07.17"]
[SourceVersion "1"]
[SourceVersionDate "2012.07.17"]
[SourceQuality "1"]

1. e4 c5 2. Nf3 Nc6 3. d3 g6 4. g3 Bg7 5. Bg2 Nf6 6. O-O O-O 7. c3 d5 8. e5 Ne8 9. d4 Bg4 10. h3 Bxf3 11. Bxf3 e6 12. Na3 $146 ({RR} 12. Be3 cxd4 13. cxd4 f6 14. Bg4 fxe5 15. dxe5 d4 16. Bd2 Nxe5 17. Bxe6+ Kh8 18. Bf4 Nc7 19. Bb3 Nc6 20. Qg4 Nd5 21. Bg5 Qa5 22. Nd2 Ne3 23. fxe3 Qxd2 24. Rxf8+ Rxf8 25. Rf1 Rxf1+ 26. Kxf1 Qc1+ {Smyslov,V-Botvinnik,M Moscow 1954 ½-½ (31)}) ({RR} 12. Be3 b5 13. Nd2 c4 14. a4 a6 15. b4 cxb3 16. Nxb3 Nc7 17. Nc5 Na5 18. Qc1 Nc4 19. Bh6 Bxh6 20. Qxh6 Qe7 21. Rfe1 f6 22. exf6 Qxf6 23. Nxe6 Nxe6 24. Bxd5 Rae8 25. Qf4 Nb6 26. Qxf6 Rxf6 {Quiroga,F (2356)-Tempone,M (2438) Buenos Aires 2003 0-1 (45)}) 12... Nc7 13. Be2 Rb8 14. h4 b5 15. h5 Re8 16. Nc2 b4 17. Kg2 bxc3 18. bxc3 Nb5 19. Bxb5 Rxb5 20. Rh1 Qa5 21. Qd3 cxd4 22. cxd4 Rc8 23. hxg6 hxg6 24. Bh6 Ne7 25. Bxg7 Kxg7 26. Qf3 Nf5 27. Ne3 Rb2 28. g4 Rg8 29. gxf5 gxf5 30. Rh3 Kf8+ 31. Rg3 Rg6 32. Rxg6 fxg6 33. Qf4 1-0

[Event "Capablanca Memorial Premier 47th"]
[Site "Havana"]
[Date "2012.05.14"]
[Round "9"]
[White "Bacallao Alonso, Yusnel"]
[Black "Papin, Vasily"]
[Result "1-0"]
[WhiteElo "2580"]
[BlackElo "2570"]
[PlyCount "137"]
[EventDate "2012.05.04"]
[EventType "tourn"]
[EventRounds "9"]
[EventCountry "CUB"]
[EventCategory "13"]
[SourceTitle "CBM 149"]
[Source "ChessBase"]
[SourceDate "2012.07.17"]
[SourceVersion "1"]
[SourceVersionDate "2012.07.17"]
[SourceQuality "1"]

1. Nf3 d5 2. b3 Bf5 3. Bb2 e6 4. e3 h6 5. c4 Nf6 6. Nc3 c6 7. d4 Nbd7 8. Bd3 Bxd3 9. Qxd3 Bd6 10. O-O Qe7 $146 ({RR} 10... O-O 11. e4 dxe4 12. Nxe4 Nxe4 13. Qxe4 Re8 14. Rfe1 a5 15. a3 Bf8 16. Rad1 Qb6 17. Qc2 Red8 18. h3 Rac8 19. Qc3 Qa6 20. Ne5 Nxe5 21. Rxe5 b5 22. Qc2 a4 23. b4 bxc4 24. Rc1 Rd5 25. Qxc4 {Molinaroli,M (2148)-Jakubowski,K (2457) chess.com INT 2024 0-1 (46)}) ({RR} 10... O-O 11. Rfe1 Qe7 12. e4 dxe4 13. Nxe4 Ba3 14. Bc3 Bb4 15. Ned2 Bxc3 16. Qxc3 Rfd8 17. h3 Rac8 18. Rad1 Qd6 19. Nf1 b6 20. Ne3 Qc7 21. Qc2 c5 22. d5 exd5 23. Nf5 d4 24. Ne7+ Kf8 25. Nxc8 {Gritsenko,N (2309)-Baches Garcia,G (2326) chess.com INT 2022 1-0 (42)}) 11. e4 dxe4 12. Nxe4 Nxe4 13. Qxe4 O-O 14. Rad1 Rfe8 15. Rfe1 Rad8 16. Qg4 Qf6 17. g3 Nf8 18. Ne5 Qg5 19. Qf3 Qe7 20. h4 f6 21. Ng4 Qf7 22. d5 cxd5 23. cxd5 e5 24. Ne3 Ng6 25. Nc4 Ne7 26. Bc1 Nc8 27. Be3 Bf8 28. a4 Rd7 29. Re2 b6 30. d6 Nxd6 31. Red2 e4 32. Qf4 g5 33. hxg5 hxg5 34. Qg4 Qe6 35. Qxe6+ Rxe6 36. Rd5 Rd8 37. a5 b5 38. Nxd6 Rdxd6 39. Bxa7 Ra6 40. Bb6 b4 41. Rb5 Kf7 42. Be3 Ra8 43. Rd7+ Re7 44. Rdd5 Rc7 45. Rb6 Be7 46. a6 Rca7 47. Rb7 Rxa6 48. Rdd7 Re6 49. Bc5 Re8 50. g4 Kf8 51. Rxe7 R8xe7 52. Bxb4 Kf7 53. Rxe7+ Rxe7 54. Bxe7 Kxe7 55. Kf1 f5 56. gxf5 Kf6 57. Ke2 Kxf5 58. Ke3 Ke5 59. b4 g4 60. b5 Kd5 61. b6 Kc6 62. Kxe4 Kxb6 63. Kf4 Kc6 64. Kxg4 Kd6 65. Kg5 Ke7 66. Kg6 Kf8 67. f4 Kg8 68. f5 Kh8 69. Kf7 1-0

[Event "FRA-chT Top 12"]
[Site "Belfort"]
[Date "2012.06.02"]
[Round "3.4"]
[White "Tkachiev, Vladislav"]
[Black "Cossin, Sebastien"]
[Result "1-0"]
[WhiteElo "2641"]
[BlackElo "2507"]
[PlyCount "39"]
[EventDate "2012.05.31"]
[EventType "team-tourn"]
[EventRounds "11"]
[EventCountry "FRA"]
[SourceTitle "CBM 148 Extra"]
[Source "ChessBase"]
[SourceDate "2012.06.22"]
[SourceVersion "1"]
[SourceVersionDate "2012.06.22"]
[SourceQuality "1"]
[WhiteTeam "Evry Grand Roque"]
[BlackTeam "Chalonnais Echiquier"]
[WhiteTeamCountry "FRA"]
[BlackTeamCountry "FRA"]

1. Nf3 d5 2. g3 Nf6 3. Bg2 c6 4. O-O Bg4 5. d3 Nbd7 6. h3 Bh5 7. Qe1 e6 ({RR} 7... e5 8. e4 Be7 9. Nh4 O-O 10. Nd2 Re8 11. Nb3 a5 12. a4 Nc5 13. Nxc5 Bxc5 14. Bg5 h6 15. Bd2 Nh7 16. Kh2 Nf8 17. Be3 Ne6 18. Bxc5 Nxc5 19. Qc3 b6 20. exd5 cxd5 21. d4 Ne4 22. Qd3 {Nakamura,H (2793)-Kramnik,V (2811) Zuerich 2017 1-0 (76)}) ({RR} 7... e5 8. e4 Bd6 9. exd5 cxd5 10. Nxe5 Nxe5 11. d4 Qe7 12. dxe5 Bxe5 13. c3 Bd6 14. Qxe7+ Bxe7 15. Re1 Kd7 16. Be3 Rhe8 17. Nd2 Bg6 18. c4 Bb4 19. Rad1 d4 20. Bxd4 Kc7 21. Be5+ Kb6 22. a3 {Tkachiev,V (2642)-Jakovenko,D (2736) Moscow 2009 1-0 (60)}) 8. e4 Bc5 ({RR} 8... dxe4 9. dxe4 Qb6 10. a4 a5 11. Na3 Qb4 12. Nd2 Qxa4 13. c3 Bxa3 14. b3 Qb5 15. Bxa3 c5 16. e5 Ng8 17. Ne4 Kf8 18. c4 Qb6 19. Qe3 Ne7 20. Nxc5 Nxc5 21. Bxc5 Qc7 22. Bd6 Qd7 23. Qb6 {Aliyev,R (2355)-Corrales Jimenez,F (2549) chess.com INT 2024 1-0 (55)}) 9. Bf4 $146 ({RR} 9. e5 Ng8 10. c4 Ne7 11. d4 Bb6 12. c5 Bc7 13. Nc3 b6 14. b4 a5 15. b5 bxc5 16. Ba3 cxd4 17. Nxd4 c5 18. Nc6 Nxc6 19. bxc6 Nb8 20. Bxc5 Nxc6 21. Rc1 Nxe5 22. Nxd5 exd5 23. f4 Bd6 {Salman,P (2287)-Kubatko,I (2257) Chess.com INT 2022 1-0}) ({RR} 9. Nh4 O-O 10. Kh1 e5 11. Nd2 Re8 12. f4 dxe4 13. dxe4 exf4 14. gxf4 Nd5 15. Nb3 Bb6 16. Qg3 Nb4 17. Nf5 Bg6 18. Nd6 Re6 19. f5 Rxd6 20. Qxd6 Nxc2 21. fxg6 hxg6 22. Rb1 Bc7 23. Qd2 Qe7 {Ozen,B (2369)-Estrada Nieto,J (2217) chess.com INT 2023 1-0 (50)}) 9... h6 10. Nbd2 Bg6 11. Nb3 Bb6 12. Bd6 Bc7 13. Ba3 dxe4 14. dxe4 b6 15. e5 Nd5 16. c4 Ne7 17. Bxe7 Qxe7 18. Nfd4 Bd3 19. Nxc6 Qf8 20. Qd2 1-0

[Event "FRA-chT Top 12"]
[Site "Belfort"]
[Date "2012.06.03"]
[Round "4.3"]
[White "Ragger, Markus"]
[Black "Postny, Evgeny"]
[Result "1-0"]
[WhiteElo "2670"]
[BlackElo "2651"]
[PlyCount "133"]
[EventDate "2012.05.31"]
[EventType "team-tourn"]
[EventRounds "11"]
[EventCountry "FRA"]
[SourceTitle "CBM 148 Extra"]
[Source "ChessBase"]
[SourceDate "2012.06.22"]
[SourceVersion "1"]
[SourceVersionDate "2012.06.22"]
[SourceQuality "1"]
[WhiteTeam "Bischwiller"]
[BlackTeam "Metz Fischer"]
[WhiteTeamCountry "FRA"]
[BlackTeamCountry "FRA"]

1. Nf3 d5 2. c4 dxc4 3. e3 Nf6 4. Bxc4 e6 5. O-O a6 6. Qe2 b5 7. Bb3 Nbd7 8. Rd1 Bb7 9. a4 Nc5 10. Bc2 Nxa4 11. Bxa4 bxa4 12. d4 $146 ({RR} 12. Nc3 Be7 13. Rxa4 O-O 14. e4 Qe8 15. d3 a5 16. Bd2 Bb4 17. Rda1 c5 18. Ne5 Nd7 19. Nc4 Qd8 20. Nd1 Nb6 21. Nxb6 Qxb6 22. Ne3 Ba6 23. Nc4 Bxc4 24. dxc4 Rfd8 25. Bxb4 cxb4 26. h3 h6 {Prokofiev,V (2423)-Levin,G (2450) Prague CZE 2025 1-0 (59)}) 12... c5 13. Nc3 Qc7 14. Rxa4 cxd4 15. Rc4 Qb8 16. Qc2 Bd6 17. Qa4+ Ke7 18. Rcxd4 Bxf3 19. gxf3 Rd8 20. Kg2 Qb6 21. b3 Bc5 22. Ba3 Bxa3 23. Qxa3+ Ke8 24. Qa4+ Ke7 25. Qa3+ Ke8 26. Rxd8+ Rxd8 27. Rxd8+ Kxd8 28. Qf8+ Ne8 29. Qxf7 Qxb3 30. Ne2 Qb1 31. Nf4 Nc7 32. Qf8+ Kd7 33. Qxg7+ Kc6 34. e4 a5 35. Qc3+ Kb6 36. Qd4+ Kb7 37. Nxe6 Nxe6 38. Qd5+ Kc7 39. Qxe6 Qb6 40. Qe7+ Kc8 41. f4 Qc7 42. Qe6+ Qd7 43. Qa6+ Qb7 44. Qe2 Qc6 45. f5 a4 46. Qg4 Kb7 47. Qf3 Qf6 48. e5+ Qc6 49. f6 Qxf3+ 50. Kxf3 a3 51. f7 a2 52. f8=Q a1=Q 53. Qg7+ Kc6 54. Qf6+ Kb7 55. Kg2 Qd4 56. Qf3+ Kc7 57. e6 Kd6 58. e7 Kxe7 59. Qe3+ Qxe3 60. fxe3 Ke6 61. Kf3 Kf5 62. e4+ Ke5 63. Ke3 Ke6 64. Kf4 Kf6 65. h3 Ke6 66. h4 Kf6 67. h5 1-0

[Event "Wch Rapid (Women)"]
[Site "Batumi"]
[Date "2012.06.02"]
[Round "9"]
[White "Dzagnidze, Nana"]
[Black "Zhao, Xue"]
[Result "1-0"]
[WhiteElo "2547"]
[BlackElo "2549"]
[PlyCount "111"]
[EventDate "2012.05.31"]
[EventType "swiss (rapid)"]
[EventRounds "11"]
[EventCountry "GEO"]
[SourceTitle "CBM 148 Extra"]
[Source "ChessBase"]
[SourceDate "2012.06.22"]
[SourceVersion "1"]
[SourceVersionDate "2012.06.22"]
[SourceQuality "1"]

1. Nf3 Nf6 2. g3 b5 3. Bg2 d5 4. O-O e6 5. b3 ({RR} 5. d3 Nbd7 6. Nbd2 c5 7. Re1 Be7 8. e4 O-O 9. e5 Ne8 10. Nf1 Nc7 11. h4 b4 12. Bg5 f6 13. exf6 gxf6 14. Bh6 Rf7 15. d4 Bb7 16. c3 Kh8 17. Bh3 Bf8 18. Bf4 e5 19. dxe5 fxe5 {Khotenashvili,B (2458)-Zhao,X (2486) Chess.com INT 2020 ½-½ (64)}) 5... Be7 6. Bb2 Nbd7 $146 ({RR} 6... O-O 7. d3 Nbd7 8. Nbd2 a5 9. e4 c6 10. c4 bxc4 11. dxc4 Rb8 12. exd5 cxd5 13. cxd5 Nxd5 14. Nc4 a4 15. Nfe5 Nxe5 16. Bxe5 Rb4 17. Rc1 axb3 18. axb3 Ba6 19. h4 Qd7 20. Re1 Rd8 21. h5 {Minina,V (2057)-Dinu,D (2190) chess.com INT 2024 1-0 (42)}) ({RR} 6... O-O 7. d3 Nbd7 8. Nbd2 a5 9. e4 c6 10. c4 bxc4 11. dxc4 Rb8 12. exd5 cxd5 13. cxd5 Nxd5 14. Nc4 a4 15. Nfe5 Nxe5 16. Bxe5 Rb4 17. Rc1 axb3 18. axb3 Ba6 19. h4 Qd7 20. Re1 Rd8 21. h5 {Minina,V (2057)-Dinu,D (2190) chess.com INT 2024 1-0 (42)}) 7. d3 Bb7 8. Nbd2 c5 9. Re1 Qc7 10. e4 dxe4 11. dxe4 c4 12. bxc4 bxc4 13. Rb1 O-O 14. Nd4 c3 15. Nb5 Qc6 16. Bxc3 a6 17. Bxf6 Bxf6 18. Nd6 Qxd6 19. Rxb7 Nc5 20. Rb1 Rad8 21. Nc4 Qc6 22. Qe2 Qa4 23. e5 Be7 24. a3 Rd4 25. Rb4 Qd7 26. Nd6 Rxd6 27. exd6 Qxd6 28. Rd1 Qc7 29. h4 g6 30. Qe3 Rc8 31. h5 Bf8 32. Rh4 Qe7 33. hxg6 hxg6 34. Qd4 Bg7 35. Qd6 Qxd6 36. Rxd6 Bf8 37. Rc6 Rb8 38. Rb4 Rd8 39. Rc4 Nb7 40. Rxa6 Rd1+ 41. Kh2 Nd6 42. Rf4 Rd2 43. Ra8 Kg7 44. a4 g5 45. Rf3 e5 46. Rd3 Rxf2 47. Rxf8 Kxf8 48. Rxd6 Rxc2 49. Kg1 Ra2 50. Bc6 Kg7 51. g4 Rc2 52. Kf1 Kf8 53. a5 Ke7 54. Rd7+ Ke6 55. Bb5 Ra2 56. Bc4+ 1-0

[Event "Golden Sands Europe op 1st"]
[Site "Golden Sands"]
[Date "2012.06.12"]
[Round "9"]
[White "Petrosian, Tigran L"]
[Black "Berescu, Alin Mile"]
[Result "1-0"]
[WhiteElo "2657"]
[BlackElo "2516"]
[PlyCount "81"]
[EventDate "2012.06.04"]
[EventType "swiss"]
[EventRounds "9"]
[EventCountry "BUL"]
[SourceTitle "CBM 148 Extra"]
[Source "ChessBase"]
[SourceDate "2012.06.22"]
[SourceVersion "1"]
[SourceVersionDate "2012.06.22"]
[SourceQuality "1"]

1. Nf3 Nf6 2. g3 b5 3. Bg2 Bb7 4. O-O e6 5. d3 Be7 6. e4 d6 7. e5 dxe5 8. Nxe5 Bxg2 9. Kxg2 Qd5+ 10. Qf3 c6 $146 ({RR} 10... O-O 11. Nc3 Qxe5 12. Qxa8 b4 13. Ne4 Nd5 14. Qxa7 Qh5 15. c4 bxc3 16. Nxc3 Nc6 17. Qa4 Ncb4 18. Qd1 Qg6 19. Qf3 Bf6 20. Nxd5 exd5 21. Rd1 Re8 22. Bd2 Nxd3 23. Bc3 Nxb2 24. Bxb2 Bxb2 25. Rab1 {Sagar,S (2314)-Cori Tello,D (2414) Barcelona 2014 ½-½ (34)}) ({RR} 10... O-O 11. Nc3 Qxf3+ 12. Kxf3 a6 13. Bd2 c5 14. a3 Rc8 15. Rad1 Nc6 16. Nxc6 Rxc6 17. Ne4 Nd5 18. c4 Nb6 19. b3 f5 20. Nc3 bxc4 21. bxc4 Bf6 22. Rb1 Rd8 23. Ke2 Rcd6 24. Rfd1 Rxd3 25. Be1 {Schulz,K (2165)-Hjartarson,J (2464) chess.com INT 2025 ½-½ (61)}) ({RR} 10... Qxf3+ 11. Nxf3 c5 12. a4 b4 13. Nbd2 Nd5 14. Nc4 Nc6 15. Be3 h5 16. Nce5 Nxe5 17. Nxe5 h4 18. Nc4 Nb6 19. Nxb6 axb6 20. c3 bxc3 21. bxc3 Kd7 22. Rfb1 Kc6 23. Rb5 Rhb8 24. Kf3 Ra5 25. c4 {Ashiku,F (2398)-Eljanov,P (2739) Ohrid 2017 ½-½}) 11. Re1 Nfd7 12. Nxd7 Nxd7 13. Nc3 Qxf3+ 14. Kxf3 O-O 15. a4 b4 16. Ne4 b3 17. c3 Rfd8 18. Ke2 Ne5 19. Rd1 Rd5 20. f4 Nd7 21. Be3 Rh5 22. Rh1 a6 23. h4 e5 24. f5 g6 25. Rag1 Kg7 26. g4 Rxh4 27. f6+ Nxf6 28. Rxh4 Nxe4 29. g5 Nd6 30. Rb4 Nf5 31. Rb7 Rd8 32. Bf2 f6 33. gxf6+ Kxf6 34. Rxb3 h5 35. Rb6 Rc8 36. Rxa6 g5 37. b4 g4 38. b5 Kg5 39. Rxc6 Ra8 40. Rc4 Nd6 41. Rc7 1-0

[Event "Moscow Tal Memorial 7th Blitz"]
[Site "Moscow"]
[Date "2012.06.07"]
[Round "9"]
[White "Morozevich, Alexander"]
[Black "Kramnik, Vladimir"]
[Result "1-0"]
[WhiteElo "2769"]
[BlackElo "2801"]
[PlyCount "87"]
[EventDate "2012.06.07"]
[EventType "tourn (blitz)"]
[EventRounds "9"]
[EventCountry "RUS"]
[EventCategory "22"]
[SourceTitle "CBM 148 Extra"]
[Source "ChessBase"]
[SourceDate "2012.06.22"]
[SourceVersion "1"]
[SourceVersionDate "2012.06.22"]
[SourceQuality "1"]

{Missing moves added. https://www.youtube.com/watch?v=EDBwmivvbVo} 1. Nf3 Nf6 2. g3 b6 3. Bg2 Bb7 4. O-O c5 5. d3 g6 6. e4 Bg7 7. Nh4 ({RR} 7. a4 O-O 8. Re1 Nc6 9. Nbd2 d6 10. Nc4 a6 11. e5 Nxe5 12. Nfxe5 Bxg2 13. Kxg2 dxe5 14. Nxe5 e6 15. Qf3 Nd5 16. Bd2 Qc7 17. Nc4 b5 18. axb5 axb5 19. Rxa8 Rxa8 20. Ne3 Rd8 21. Nxd5 Rxd5 {Carlsen,M (2832)-So,W (2815) Chess.com INT 2017 1-0}) 7... Qc8 8. f4 O-O 9. Nc3 Nc6 $146 ({RR} 9... e6 10. e5 Ne8 11. Ne4 d6 12. Nxd6 Nxd6 13. exd6 Bxg2 14. Kxg2 Rd8 15. Nf3 Nc6 16. Qe2 Rxd6 17. Ne5 Nd4 18. Qf2 Qb7+ 19. Kg1 Rd5 20. Be3 Nf5 21. Nc4 Nxe3 22. Nxe3 Bxb2 23. Nxd5 exd5 24. Qe2 {Grutter,T (2417)-Ahmad,K (2391) chess.com INT 2025 0-1 (60)}) 10. g4 d6 11. g5 Nd7 12. Nd5 e6 13. Ne3 Ne7 14. f5 exf5 15. exf5 Bxg2 16. Kxg2 f6 17. fxg6 hxg6 18. Qg4 Qc6+ 19. Kg1 f5 20. Qh3 Rae8 21. Neg2 c4 22. Nf4 Bd4+ 23. Be3 Bxe3+ 24. Qxe3 Ne5 25. d4 Ng4 26. Qf3 Qxf3 27. Rxf3 Nc6 28. c3 Re4 29. Nfxg6 Rfe8 30. Nxf5 Kh7 31. Nf4 Rf8 32. g6+ Kg8 33. Nd5 Nf6 34. Nfe7+ Rxe7 35. Nxf6+ Kg7 36. Nh5+ Kg8 37. Rxf8+ Kxf8 38. Rf1+ Kg8 39. Rf6 Rd7 40. Re6 Rd8 41. h4 Kf8 42. Kf2 Ne7 43. Kf3 d5 44. Kf4 1-0

[Event "Mumbai Mayors Cup 5th"]
[Site "Mumbai"]
[Date "2012.06.15"]
[Round "11"]
[White "Rahman, Ziaur"]
[Black "Gomez, John Paul"]
[Result "1-0"]
[WhiteElo "2520"]
[BlackElo "2507"]
[PlyCount "114"]
[EventDate "2012.06.07"]
[EventType "swiss"]
[EventRounds "11"]
[EventCountry "IND"]
[SourceTitle "CBM 148 Extra"]
[Source "ChessBase"]
[SourceDate "2012.06.22"]
[SourceVersion "1"]
[SourceVersionDate "2012.06.22"]
[SourceQuality "1"]

1. Nf3 c5 2. g3 d6 3. Bg2 e5 4. O-O Nc6 5. d3 h6 6. a3 Nf6 7. c4 Be7 8. Nc3 O-O 9. Ne1 $146 ({RR} 9. Rb1 Be6 10. b4 cxb4 11. axb4 d5 12. cxd5 Nxd5 13. Nxd5 Bxd5 14. b5 Nd4 15. Nxe5 Bxg2 16. Kxg2 Qd5+ 17. Nf3 Nxb5 18. Bb2 f5 19. Qa4 a6 20. Qc4 Qxc4 21. dxc4 Nd6 22. Ne5 Ne4 23. Rfd1 Rfd8 {Sorcinelli,F (2001)-Przybylski,W (2308) chess.com INT 2023 0-1 (77)}) ({RR} 9. Rb1 Be6 10. b4 cxb4 11. axb4 d5 12. cxd5 Nxd5 13. Nxd5 Bxd5 14. b5 Nd4 15. Nxe5 Bxg2 16. Kxg2 Qd5+ 17. Nf3 Nxb5 18. Bb2 f5 19. Qa4 a6 20. Qc4 Qxc4 21. dxc4 Nd6 22. Ne5 Ne4 23. Rfd1 Rfd8 {Sorcinelli,F (2001)-Przybylski,W (2308) chess.com INT 2023 0-1 (77)}) 9... Be6 10. Nd5 Qd7 11. Nxe7+ Nxe7 12. b4 Bh3 13. Bb2 Ng6 14. e4 Nh7 15. f4 exf4 16. gxf4 Nh4 17. f5 Nxg2 18. Nxg2 Bxg2 19. Kxg2 f6 20. b5 a6 21. a4 a5 22. Kh1 b6 23. Rg1 Kh8 24. Qh5 Qe8 25. Rg6 Rf7 26. Rag1 Qf8 27. Bc1 Rd8 28. Bf4 Rfd7 29. Qh3 Rf7 30. R1g4 Re8 31. Qg3 Rd7 32. Kg1 Red8 33. Kf1 Re8 34. Bc1 Red8 35. Ke2 Re8 36. Kd1 Red8 37. Kc2 Rc8 38. Bb2 Rcc7 39. Kb3 Rc8 40. Qg1 Rdc7 41. Rg2 Rd7 42. h4 Rdc7 43. R6g4 Rd7 44. d4 cxd4 45. Qxd4 Rdc7 46. Qd5 Rc5 47. Qe6 R8c7 48. Bd4 Re5 49. Bxe5 dxe5 50. R4g3 Qb4+ 51. Ka2 Nf8 52. Qxb6 Qxa4+ 53. Kb2 Qxc4 54. Qd6 Nd7 55. Qd3 Qc1+ 56. Ka2 Rc4 57. Qa3 Qd1 1-0